Najrizikovejšie aktíva s výnosom peňažného trhu

Komodity - aktíva, ktoré boli desaťročia na okraji záujmu investorov. Samostatný pohľad na komoditné trhy. Zmysel investovania do komodít a riziká, ktoré toto investovenie prináša. Portfólio, diverzifikácia a cenové pohyby komodít.

Enregistré dans:
Détails bibliographiques
Auteur principal: Májek, Michal
Format: Chapitre de livre
Langue:slovaque
Sujets:
Tags: Ajouter un tag
Pas de tags, Soyez le premier à ajouter un tag!

MARC

LEADER 00000naa a2200000 4500
001 0151639
005 20231019092446.0
041 0 |a slo 
044 |a SK 
245 1 0 |a Najrizikovejšie aktíva s výnosom peňažného trhu  |c Michal Májek 
520 |a Komodity - aktíva, ktoré boli desaťročia na okraji záujmu investorov. Samostatný pohľad na komoditné trhy. Zmysel investovania do komodít a riziká, ktoré toto investovenie prináša. Portfólio, diverzifikácia a cenové pohyby komodít. 
610 2 0 |a trh kapitálový 
610 2 0 |a obchody burzové 
610 2 0 |a investovanie 
610 2 0 |a komodity 
610 2 0 |a portfólio 
610 2 0 |a diverzifikácia 
610 2 0 |a volatilita 
610 2 0 |a riziko trhové 
100 1 |a Májek, Michal